[Event "POL-chT 2nd League"]
[Site "Jastrzebia Gora"]
[Date "2016.09.06"]
[Round "4.102"]
[White "Zdziarska, Lidia"]
[Black "Gorczyca, Aleksandra"]
[Result "0-1"]
[WhiteElo "1884"]
[BlackElo "2106"]
[PlyCount "106"]
[EventDate "2016.09.03"]
[EventType "team-swiss"]
[EventRounds "9"]
[EventCountry "POL"]
[SourceTitle "EXT 2017"]
[Source "ChessBase"]
[SourceDate "2016.10.25"]
[SourceVersion "1"]
[SourceVersionDate "2016.10.25"]
[SourceQuality "1"]
[WhiteTeam "Wroclaw AZS Politechnika"]
[BlackTeam "Ruda Slaska KS DORS"]
[WhiteTeamCountry "POL"]
[BlackTeamCountry "POL"]

1. e4 e6 2. d4 d5 3. Nc3 dxe4 4. Nxe4 b6 5. Nf3 a6 6. c3 Bb7 7. Bd3 Be7 8. 0-0 Nf6 9. Qc2 Nbd7 10. Re1 0-0 11. Nfg5 g6 12. Nxe6 fxe6 13. Ng5 Qe8 14. Nxe6 Qf7 15. Nxc7 Rac8 16. Ne6 Rfe8 17. Ng5 Qd5 18. f3 Nf8 19. Re5 Qd7 20. Qb3+ Bd5 21. c4 Bf7 22. Nxf7 Kxf7 23. Be3 Kg7 24. d5 Bc5 25. Rxe8 Rxe8 26. Bxc5 bxc5 27. Bf1 Qd6 28. Qc3 N8d7 29. Re1 Rxe1 30. Qxe1 Qe5 31. Qc1 Qd4+ 32. Kh1 Ne5 33. Qc2 Nh5 34. b3 Nf4 35. Qe4 Qxe4 36. fxe4 Nfd3 37. a3 a5 38. Bxd3 Nxd3 39. Kg1 Kf6 40. Kf1 Ke5 41. Ke2 Nc1+ 42. Kd2 Nxb3+ 43. Kd3 a4 44. g3 Na5 45. h3 Nb7 46. g4 Nd6 47. h4 Nxe4 48. h5 g5 49. Ke3 h6 50. Ke2 Nd6 51. Kd3 Kf4 52. Kc3 Kxg4 53. Kd3 Kf3 0-1

[Event "POL-chT2 South"]
[Site "Ustron"]
[Date "2001.09.??"]
[Round "?"]
[White "Bednarska, Malgorzata"]
[Black "Gorczyca, Aleksandra"]
[Result "1/2-1/2"]
[WhiteElo "2223"]
[BlackElo "2007"]
[PlyCount "98"]
[EventDate "2001.09.14"]
[EventType "team-swiss"]
[EventRounds "10"]
[EventCountry "POL"]
[SourceTitle "EXT 2019"]
[Source "ChessBase"]
[SourceDate "2018.10.10"]
[SourceVersion "1"]
[SourceVersionDate "2018.10.10"]
[SourceQuality "1"]

1. e4 d6 2. d4 Nf6 3. Nc3 e5 4. Nf3 Nbd7 5. Bc4 Be7 6. 0-0 0-0 7. a4 c6 8. a5 Rb8 9. Qe2 h6 10. Rd1 exd4 11. Nxd4 Ne5 12. Bb3 Qc7 13. f3 b5 14. axb6 axb6 15. Be3 b5 16. Nb1 Bd7 17. c3 c5 18. Nf5 Bxf5 19. exf5 c4 20. Bc2 Nfd7 21. Nd2 d5 22. Nf1 Nf6 23. Qf2 b4 24. Qg3 Bc5 25. Rd4 bxc3 26. bxc3 Rb2 27. Rc1 Kh7 28. Rh4 Bxe3+ 29. Nxe3 Qc5 30. Qxe5 Re8 31. Rxc4 Qxe3+ 32. Qxe3 Rxe3 33. Rb4 Rxb4 34. cxb4 Rc3 35. g4 d4 36. Rd1 Rxc2 37. Rxd4 g6 38. fxg6+ Kxg6 39. h4 Rb2 40. Kf1 Ne8 41. Rc4 Ng7 42. Ke1 Ne6 43. f4 Kg7 44. f5 Nd8 45. Kd1 Nb7 46. Rd4 Kf6 47. Kc1 Ke5 48. Kxb2 Kxd4 49. g5 hxg5 1/2-1/2

[Event "POL-chT2 South"]
[Site "Ustron"]
[Date "2001.09.??"]
[Round "?"]
[White "Gorczyca, Aleksandra"]
[Black "Matras Clement, Agnieszka"]
[Result "1/2-1/2"]
[WhiteElo "2007"]
[BlackElo "2218"]
[PlyCount "122"]
[EventDate "2001.09.14"]
[EventType "team-swiss"]
[EventRounds "10"]
[EventCountry "POL"]
[SourceTitle "EXT 2019"]
[Source "ChessBase"]
[SourceDate "2018.10.10"]
[SourceVersion "1"]
[SourceVersionDate "2018.10.10"]
[SourceQuality "1"]

1. d4 d5 2. c4 e6 3. Nf3 Nf6 4. Nc3 Nbd7 5. Bg5 c6 6. e3 Qa5 7. Nd2 Bb4 8. Bxf6 Nxf6 9. Qb3 0-0 10. Be2 c5 11. a3 Rd8 12. Ra2 Bxc3 13. bxc3 cxd4 14. exd4 dxc4 15. Nxc4 Qg5 16. 0-0 b5 17. Ne3 Rb8 18. a4 b4 19. cxb4 Rxd4 20. b5 Bb7 21. Rd1 Rxd1+ 22. Qxd1 Nd5 23. h4 Qxh4 24. Nxd5 Bxd5 25. Rd2 Qg5 26. Bf1 h5 27. Rd4 Rc8 28. Qe2 Rc1 29. Rd1 Bc4 30. Qe1 Rxd1 31. Qxd1 Bd5 32. a5 h4 33. Qd3 Qd8 34. Qc3 Bb7 35. Be2 h3 36. Qxh3 Qxa5 37. Bd3 Qe1+ 38. Bf1 Bd5 39. Qh4 Qa5 40. Bd3 Qa1+ 41. Kh2 g6 42. Qg3 Kg7 43. Qe3 e5 44. Qe2 Qd4 45. f3 f5 46. Qc2 Qf4+ 47. Kg1 Qe3+ 48. Kh2 e4 49. Qc3+ Kh7 50. Qc7+ Kh6 51. fxe4 fxe4 52. Bc2 Qf2 53. Qe5 Qxc2 54. Qh8+ Kg5 55. Qe5+ Kg4 56. Qxd5 Qd3 57. Qe6+ Kh5 58. Qe5+ Kg4 59. Qe6+ Kf4 60. Qf7+ Ke5 61. Qxg6 Kd4 1/2-1/2

[Event "POL-chT2 South"]
[Site "Ustron"]
[Date "2001.09.??"]
[Round "?"]
[White "Guzik, Jolanta"]
[Black "Gorczyca, Aleksandra"]
[Result "1/2-1/2"]
[WhiteElo "2095"]
[BlackElo "2007"]
[PlyCount "68"]
[EventDate "2001.09.14"]
[EventType "team-swiss"]
[EventRounds "10"]
[EventCountry "POL"]
[SourceTitle "EXT 2019"]
[Source "ChessBase"]
[SourceDate "2018.10.10"]
[SourceVersion "1"]
[SourceVersionDate "2018.10.10"]
[SourceQuality "1"]
[WhiteTeam "Jaworzno JKSz MCKiS"]
[WhiteTeamCountry "POL"]

1. e4 d6 2. c4 e5 3. Nc3 Nc6 4. g3 Be6 5. d3 Qd7 6. Bg2 h6 7. Be3 Nge7 8. Nd5 Nd4 9. f4 f5 10. Ne2 Nxe2 11. Qxe2 c6 12. Nxe7 Bxe7 13. Qh5+ Kd8 14. Qd1 fxe4 15. Bxe4 exf4 16. Bxf4 g5 17. Bd2 Bg4 18. Bf3 Bh3 19. Qe2 Bf6 20. 0-0-0 Re8 21. Qf2 Qg7 22. Ba5+ Kd7 23. Rhe1 Bd4 24. Qc2 Re5 25. Bc3 Rxe1 26. Rxe1 Bxc3 27. Qxc3 Qxc3+ 28. bxc3 Rf8 29. Re3 Be6 30. Kd2 a6 31. Ke1 g4 32. Bd1 h5 33. Re2 Rf5 34. Rb2 Kc7 1/2-1/2

[Event "POL-chT U19 2nd League"]
[Site "Krynica"]
[Date "2001.??.??"]
[Round "8"]
[White "Gorczyca, Aleksandra"]
[Black "Pokojska, Daria"]
[Result "1-0"]
[WhiteElo "2005"]
[BlackElo "2050"]
[PlyCount "50"]
[EventDate "2001.07.16"]
[EventType "team-swiss"]
[EventRounds "11"]
[EventCountry "POL"]
[SourceTitle "EXT 2003"]
[Source "ChessBase"]
[SourceDate "2002.11.25"]
[SourceVersion "1"]
[SourceVersionDate "2002.11.25"]
[SourceQuality "1"]
[WhiteTeam "Zabrze Budosak U19"]
[BlackTeam "Krzeszowice Swit U19"]
[WhiteTeamCountry "POL"]
[BlackTeamCountry "POL"]

1. d4 d5 2. c4 e6 3. Nf3 Nf6 4. Nc3 c6 5. e3 Nbd7 6. Qc2 Bd6 7. b3 0-0 8. Bb2 dxc4 9. Bxc4 e5 10. 0-0 exd4 11. Nxd4 Ne5 12. Be2 Nfg4 13. h3 Nh6 14. Ne4 Bc7 15. Ba3 Re8 16. Rad1 Bd7 17. Nf3 Nxf3+ 18. Bxf3 Qc8 19. Nd6 Bxd6 20. Bxd6 Nf5 21. Be4 g6 22. Ba3 Ng7 23. Bb2 f5 24. Bf3 Be6 25. Rd6 Qc7 1-0

[Event "POL-chT U19 2nd League"]
[Site "Krynica"]
[Date "2001.??.??"]
[Round "9"]
[White "Magnucka, Milena"]
[Black "Gorczyca, Aleksandra"]
[Result "0-1"]
[WhiteElo "2035"]
[BlackElo "2005"]
[PlyCount "40"]
[EventDate "2001.07.16"]
[EventType "team-swiss"]
[EventRounds "11"]
[EventCountry "POL"]
[SourceTitle "EXT 2003"]
[Source "ChessBase"]
[SourceDate "2002.11.25"]
[SourceVersion "1"]
[SourceVersionDate "2002.11.25"]
[SourceQuality "1"]
[WhiteTeam "Ostrow Wielkopolski U19"]
[BlackTeam "Zabrze Budosak U19"]
[WhiteTeamCountry "POL"]
[BlackTeamCountry "POL"]

1. e4 c5 2. Nf3 Nc6 3. d4 cxd4 4. Nxd4 g6 5. Nc3 Bg7 6. Be3 Nf6 7. Be2 0-0 8. 0-0 d6 9. h3 Bd7 10. Qd2 a6 11. f4 b5 12. Bf3 Rc8 13. Nxc6 Bxc6 14. Nd5 Nd7 15. c3 a5 16. Bd4 Bxd5 17. Bxg7 Kxg7 18. exd5 Rc5 19. Rae1 Re8 20. Re2 Qc7 0-1

[Event "POL-chT2 South U19"]
[Site "Rudnik"]
[Date "2000.??.??"]
[Round "6.5"]
[White "Gorczyca, Aleksandra"]
[Black "Chlost, Marlena"]
[Result "1-0"]
[WhiteElo "1900"]
[BlackElo "1800"]
[PlyCount "41"]
[EventDate "2000.07.20"]
[EventType "team-swiss"]
[EventRounds "10"]
[EventCountry "POL"]
[SourceTitle "EXT 2005"]
[Source "ChessBase"]
[SourceDate "2004.11.15"]
[SourceVersion "1"]
[SourceVersionDate "2004.11.15"]
[SourceQuality "1"]
[WhiteTeam "Zabrze Budosak U19"]
[BlackTeam "Gliwice Carbo U19"]
[WhiteTeamCountry "POL"]
[BlackTeamCountry "POL"]

1. d4 Nf6 2. Nf3 g6 3. Bf4 Bg7 4. e3 d6 5. Bc4 Nbd7 6. h3 Nb6 7. Bb3 Bf5 8. Nbd2 Ne4 9. Nxe4 Bxe4 10. Bxf7+ Kxf7 11. Ng5+ Ke8 12. Nxe4 Nd5 13. Bg3 h6 14. Qd3 Kf7 15. Qb3 e6 16. c4 Nf6 17. Nxf6 Bxf6 18. Qxb7 Rb8 19. Qxa7 Rxb2 20. 0-0 Qb8 21. Qxb8 1-0

[Event "POL-chT2 South U19"]
[Site "Rudnik"]
[Date "2000.??.??"]
[Round "2.5"]
[White "Gorczyca, Aleksandra"]
[Black "Kupczyk, Edyta"]
[Result "0-1"]
[WhiteElo "1900"]
[BlackElo "2000"]
[PlyCount "58"]
[EventDate "2000.07.20"]
[EventType "team-swiss"]
[EventRounds "10"]
[EventCountry "POL"]
[SourceTitle "EXT 2005"]
[Source "ChessBase"]
[SourceDate "2004.11.15"]
[SourceVersion "1"]
[SourceVersionDate "2004.11.15"]
[SourceQuality "1"]
[WhiteTeam "Zabrze Budosak U19"]
[BlackTeam "Olkusz Czarny Kon U19"]
[WhiteTeamCountry "POL"]
[BlackTeamCountry "POL"]

1. d4 c5 2. d5 e5 3. e4 d6 4. Nc3 g6 5. Nf3 Bg7 6. a4 Nf6 7. Bb5+ Nbd7 8. 0-0 0-0 9. a5 Ne8 10. a6 f5 11. Ng5 Nc7 12. axb7 Bxb7 13. Bxd7 Qxd7 14. Ne6 Nxe6 15. dxe6 Qxe6 16. Nb5 Rad8 17. exf5 gxf5 18. Rxa7 Rf7 19. f4 e4 20. Be3 Rfd7 21. b4 Qc4 22. Na3 Qxb4 23. Qe2 Qb6 24. Ra4 d5 25. Rb1 Qc6 26. Ra5 d4 27. Qc4+ Qd5 28. Rxc5 Qxc4 29. Nxc4 dxe3 0-1

[Event "POL-ch U18 Girls"]
[Site "Wisla"]
[Date "2000.??.??"]
[Round "7"]
[White "Gorczyca, Aleksandra"]
[Black "Lysiak, Magdalena"]
[Result "0-1"]
[WhiteElo "1800"]
[BlackElo "2067"]
[PlyCount "60"]
[EventDate "2000.02.26"]
[EventType "swiss"]
[EventRounds "10"]
[EventCountry "POL"]
[SourceTitle "EXT 2005"]
[Source "ChessBase"]
[SourceDate "2004.11.15"]
[SourceVersion "1"]
[SourceVersionDate "2004.11.15"]
[SourceQuality "1"]

1. d4 Nf6 2. c4 g6 3. Nc3 Bg7 4. e4 d6 5. f3 0-0 6. Be3 h6 7. Qd2 Kh7 8. Bd3 e5 9. d5 c5 10. Nge2 Bd7 11. g4 Ne8 12. h4 a6 13. Ng3 Rh8 14. Nce2 b5 15. 0-0-0 bxc4 16. Bc2 a5 17. Nf5 gxf5 18. exf5 f6 19. g5 h5 20. f4 Na6 21. a3 Rb8 22. fxe5 Qb6 23. Be4 dxe5 24. Ng3 Nd6 25. gxf6 Bxf6 26. Bg5 Rhf8 27. Rh2 Qb3 28. Bxf6 c3 29. Qg5 cxb2+ 30. Kb1 Qxd1+ 0-1

[Event "POL-chT2 South U19"]
[Site "Rudnik"]
[Date "2000.??.??"]
[Round "7.5"]
[White "Gorczyca, Aleksandra"]
[Black "Olender, Joanna"]
[Result "1-0"]
[WhiteElo "1900"]
[BlackElo "1800"]
[PlyCount "60"]
[EventDate "2000.07.20"]
[EventType "team-swiss"]
[EventRounds "10"]
[EventCountry "POL"]
[SourceTitle "EXT 2005"]
[Source "ChessBase"]
[SourceDate "2004.11.15"]
[SourceVersion "1"]
[SourceVersionDate "2004.11.15"]
[SourceQuality "1"]
[WhiteTeam "Zabrze Budosak U19"]
[BlackTeam "Czarna Czarnovia U19"]
[WhiteTeamCountry "POL"]
[BlackTeamCountry "POL"]

1. d4 e6 2. Nf3 f5 3. Bf4 Nf6 4. e3 b6 5. Be2 Bb7 6. Nbd2 Be7 7. 0-0 0-0 8. Ne5 d6 9. Nd3 Nbd7 10. c4 Qe8 11. c5 bxc5 12. dxc5 e5 13. Bg3 e4 14. Nf4 Nxc5 15. b4 Na6 16. Ne6 Rf7 17. b5 Bd5 18. Ng5 Nc5 19. Nxf7 Bxf7 20. Bc4 Bxc4 21. Nxc4 Qxb5 22. Qc2 Nd5 23. Rab1 Qa6 24. Rfd1 Nd3 25. Qb3 Nc5 26. Qc2 Nd3 27. Qb3 Nc5 28. Qc2 Nd3 29. Nd2 Kf8 30. Qb3 Qc6 1-0

[Event "POL-ch U18 Girls"]
[Site "Wisla"]
[Date "2000.??.??"]
[Round "6"]
[White "Magnucka, Arleta"]
[Black "Gorczyca, Aleksandra"]
[Result "1/2-1/2"]
[WhiteElo "1800"]
[BlackElo "1800"]
[PlyCount "48"]
[EventDate "2000.02.26"]
[EventType "swiss"]
[EventRounds "10"]
[EventCountry "POL"]
[SourceTitle "EXT 2005"]
[Source "ChessBase"]
[SourceDate "2004.11.15"]
[SourceVersion "1"]
[SourceVersionDate "2004.11.15"]
[SourceQuality "1"]

1. e4 Nc6 2. d4 d6 3. d5 Ne5 4. f4 Ng6 5. Nf3 e5 6. dxe6 fxe6 7. Bc4 Bd7 8. 0-0 Qe7 9. Nc3 0-0-0 10. Be3 Bc6 11. Ng5 d5 12. Bb5 d4 13. Bxd4 Nxf4 14. Qg4 Nf6 15. Qxf4 Rxd4 16. Bxc6 bxc6 17. Qe5 Rd2 18. Qxe6+ Qxe6 19. Nxe6 Bb4 20. Rae1 Re8 21. Nxg7 Rg8 22. Rxf6 Rxg7 23. g3 Rxc2 24. Rxc6 Rxb2 1/2-1/2

[Event "POL-ch U18 Girls"]
[Site "Wisla"]
[Date "2000.??.??"]
[Round "4"]
[White "Reszka, Malgorzata"]
[Black "Gorczyca, Aleksandra"]
[Result "1-0"]
[WhiteElo "2091"]
[BlackElo "1800"]
[PlyCount "81"]
[EventDate "2000.02.26"]
[EventType "swiss"]
[EventRounds "10"]
[EventCountry "POL"]
[SourceTitle "EXT 2005"]
[Source "ChessBase"]
[SourceDate "2004.11.15"]
[SourceVersion "1"]
[SourceVersionDate "2004.11.15"]
[SourceQuality "1"]

1. e4 e5 2. Nf3 d6 3. d4 Nf6 4. Nc3 Nbd7 5. Bc4 Be7 6. h3 0-0 7. Be3 c6 8. a4 b6 9. dxe5 dxe5 10. 0-0 Qc7 11. Qe2 Nc5 12. Nd2 Be6 13. b4 Bxc4 14. Qxc4 Ne6 15. b5 Rfc8 16. Qxc6 Qxc6 17. bxc6 Bb4 18. Nd5 Bd6 19. a5 b5 20. c4 bxc4 21. Nxc4 Rxc6 22. Nxe5 Bxe5 23. Ne7+ Kf8 24. Nxc6 Bxa1 25. Rxa1 Nxe4 26. Nxa7 N4c5 27. Nc6 Ke8 28. Rc1 Ra6 29. Bxc5 Rxc6 30. Be3 Ra6 31. Bb6 Nf4 32. Rd1 Ra8 33. Kf1 Ne6 34. Ke2 Nd8 35. Rxd8+ Rxd8 36. Bxd8 Kxd8 37. Kd3 Kc7 38. Kd4 Kc6 39. Kc4 h5 40. h4 f6 41. f4 1-0

[Event "POL-chT2 South U19"]
[Site "Rudnik"]
[Date "2000.??.??"]
[Round "5.5"]
[White "Slezak, Agnieszka"]
[Black "Gorczyca, Aleksandra"]
[Result "1/2-1/2"]
[WhiteElo "1800"]
[BlackElo "1900"]
[PlyCount "43"]
[EventDate "2000.07.20"]
[EventType "team-swiss"]
[EventRounds "10"]
[EventCountry "POL"]
[SourceTitle "EXT 2005"]
[Source "ChessBase"]
[SourceDate "2004.11.15"]
[SourceVersion "1"]
[SourceVersionDate "2004.11.15"]
[SourceQuality "1"]
[WhiteTeam "Klodzko Sudety U19"]
[BlackTeam "Zabrze Budosak U19"]
[WhiteTeamCountry "POL"]
[BlackTeamCountry "POL"]

1. e4 c5 2. c3 e6 3. d4 d5 4. e5 Nc6 5. Nf3 Nge7 6. Na3 Ng6 7. Nc2 Be7 8. Be2 Rb8 9. Bd2 b5 10. b4 cxb4 11. cxb4 f6 12. Bd3 f5 13. 0-0 0-0 14. Qe2 a6 15. Rfb1 f4 16. a4 Qb6 17. axb5 axb5 18. Rb3 Nh8 19. h4 Ng6 20. h5 Nh4 21. Bc3 Nf5 22. Qd2 1/2-1/2